INDIAN JOURNAL OF NATURAL PRODUCTS AND RESOURCES (Record no. 7593)

MARC details
000 -LEADER
fixed length control field 00383nam a22001457a 4500
005 - DATE AND TIME OF LATEST TRANSACTION
control field 20210315120954.0
008 - FIXED-LENGTH DATA ELEMENTS--GENERAL INFORMATION
fixed length control field 210315b ||||| |||| 00| 0 eng d
022 ## - INTERNATIONAL STANDARD SERIAL NUMBER
ISSN 0976-0504
100 ## - MAIN ENTRY--AUTHOR NAME
Personal name CSIR-NISCAIR
245 ## - TITLE STATEMENT
Title INDIAN JOURNAL OF NATURAL PRODUCTS AND RESOURCES
260 ## - PUBLICATION, DISTRIBUTION, ETC. (IMPRINT)
Place of publication NEW DELHI
Name of publisher CSIR-NISCAIR
Year of publication 2020
300 ## - PHYSICAL DESCRIPTION
Number of Pages 208,p
650 ## - SUBJECT ADDED ENTRY--TOPICAL TERM
Topical Term AGRICULTURE
942 ## - ADDED ENTRY ELEMENTS (KOHA)
Koha item type Journals/Serial

No items available.